[Event "Mittelfranken Landesliga Nord 2223"]
[Site "Mittelfranken"]
[Date "2022.12.11"]
[Round "4.8"]
[White "Albrecht, Thorsten"]
[Black "Stockmann, Rainer"]
[Result "0-1"]
[WhiteElo "1858"]
[BlackElo "2009"]
[PlyCount "54"]
[EventDate "2022.10.09"]
[EventType "team-tourn"]
[EventRounds "9"]
[EventCountry "GER"]
[SourceTitle "EXT 2024"]
[Source "ChessBase"]
[SourceDate "2023.10.10"]
[SourceVersion "1"]
[SourceVersionDate "2023.10.10"]
[SourceQuality "1"]
[WhiteTeam "Erlangen II"]
[BlackTeam "Wuerzburg"]
[WhiteTeamCountry "GER"]
[BlackTeamCountry "GER"]

1. d4 d5 2. c4 e6 3. Nc3 c6 4. cxd5 exd5 5. Nf3 Bf5 6. Bf4 Nf6 7. Qb3 Qb6 8. Qxb6 axb6 9. Nh4 Be6 10. e3 h6 11. Nf3 Nbd7 12. Bd3 Nh5 13. Be5 Bg4 14. Nd2 Nxe5 15. dxe5 g6 16. h3 Bd7 17. g4 Ng7 18. f4 h5 19. g5 b5 20. Kf2 Bc5 21. Nf3 Nf5 22. Bxf5 Bxf5 23. Ne2 Ra4 24. Ng3 Rxf4 25. Nxf5 gxf5 26. Rac1 Bb6 27. Rhd1 Re4 0-1

[Event "Mittelfranken Landesliga Nord 2122"]
[Site "Mittelfranken"]
[Date "2022.03.20"]
[Round "4.8"]
[White "Albrecht, Thorsten"]
[Black "Bock, Helmar"]
[Result "0-1"]
[WhiteElo "1851"]
[BlackElo "2011"]
[PlyCount "80"]
[EventDate "2021.10.24"]
[EventType "team-tourn"]
[EventRounds "9"]
[EventCountry "GER"]
[SourceTitle "EXT 2024"]
[Source "ChessBase"]
[SourceDate "2023.10.10"]
[SourceVersion "1"]
[SourceVersionDate "2023.10.10"]
[SourceQuality "1"]
[WhiteTeam "Erlangen II"]
[BlackTeam "Herzogenaurach"]
[WhiteTeamCountry "GER"]
[BlackTeamCountry "GER"]

1. d4 Nf6 2. c4 g6 3. Nc3 Bg7 4. Nf3 0-0 5. Bf4 d5 6. h3 c5 7. Nb5 dxc4 8. Nc7 Nd5 9. Nxd5 Qxd5 10. Be5 Nc6 11. Bxg7 Kxg7 12. dxc5 Qxc5 13. Qc2 Be6 14. e3 f6 15. Nd2 Nb4 16. Qc3 b5 17. Be2 Nd5 18. Qc2 Rfd8 19. 0-0 Nxe3 20. Ne4 Nxc2 21. Nxc5 Bf7 22. Rac1 Nd4 23. Bg4 f5 24. Bd1 Rac8 25. Na6 Rd6 26. Nb4 a5 27. Nc2 e5 28. Re1 Kf6 29. Ne3 Rdc6 30. g4 Rc5 31. h4 e4 32. g5+ Kg7 33. Nc2 Rd5 34. Ne3 Rdd8 35. Kg2 Ne6 36. Bc2 Nf4+ 37. Kf1 Nd3 38. Bxd3 cxd3 39. Rxc8 Rxc8 40. f3 f4 0-1

[Event "Mittelfranken-chTB1 1819"]
[Site "Mittelfranken"]
[Date "2019.03.17"]
[Round "7.4"]
[White "Albrecht, Thorsten"]
[Black "Hoewel, Karl Adolf"]
[Result "1/2-1/2"]
[WhiteElo "1847"]
[BlackElo "1908"]
[PlyCount "131"]
[EventDate "2018.10.14"]
[EventType "team-tourn"]
[EventRounds "9"]
[EventCountry "GER"]
[SourceTitle "EXT 2022"]
[Source "ChessBase"]
[SourceDate "2021.10.06"]
[SourceVersion "1"]
[SourceVersionDate "2021.10.06"]
[SourceQuality "1"]
[WhiteTeam "Erlangen SC III"]
[BlackTeam "Nuernberg SK 1911"]
[WhiteTeamCountry "GER"]
[BlackTeamCountry "GER"]

1. d4 d5 2. c4 e6 3. Nc3 Nf6 4. Nf3 Be7 5. Bf4 c6 6. e3 0-0 7. h3 Nbd7 8. cxd5 exd5 9. Bd3 Re8 10. 0-0 Nf8 11. Qc2 Ng6 12. Bh2 Bd6 13. Bxd6 Qxd6 14. a3 a5 15. Rfc1 Qe7 16. Na4 Ne4 17. Nb6 Rb8 18. Nxc8 Rbxc8 19. Bxe4 dxe4 20. Nd2 Ra8 21. Qc5 Nf8 22. Qxe7 Rxe7 23. Rc3 Nd7 24. Rac1 Nf6 25. Rc5 Nd7 26. R5c2 Nf6 27. Nb1 Nd5 28. Rc5 f5 29. Nc3 Nxc3 30. R1xc3 g6 31. Kh2 Rd7 32. Kg3 Kf7 33. Kf4 Kf6 34. h4 h6 35. g4 fxg4 36. Kxg4 Rd5 37. Rxd5 cxd5 38. Rc5 Ke6 39. Rb5 Rf8 40. Rb6+ Kd7 41. Kg3 Rf3+ 42. Kg2 g5 43. hxg5 hxg5 44. Rxb7+ Kc6 45. Rg7 Rf8 46. Rg6+ Kb5 47. Rxg5 Kc4 48. b3+ Kxb3 49. Rxd5 a4 50. Rb5+ Kxa3 51. Rb6 Ka2 52. d5 a3 53. d6 Ka1 54. d7 a2 55. Kg3 Rd8 56. Rb7 Rb8 57. Kf4 Re8 58. Rb1+ axb1Q 59. dxe8Q Qc2 60. Qe5+ Ka2 61. Qxe4 Qxf2+ 62. Qf3 Qh4+ 63. Ke5 Qe7+ 64. Kd4 Qb4+ 65. Ke5 Qe7+ 66. Kd4 1/2-1/2

[Event "Mittelfranken-chTB1 1819"]
[Site "Mittelfranken"]
[Date "2019.01.27"]
[Round "4.5"]
[White "Albrecht, Thorsten"]
[Black "Rausch, Wolfgang"]
[Result "1/2-1/2"]
[WhiteElo "1847"]
[BlackElo "1969"]
[PlyCount "44"]
[EventDate "2018.10.14"]
[EventType "team-tourn"]
[EventRounds "9"]
[EventCountry "GER"]
[SourceTitle "EXT 2022"]
[Source "ChessBase"]
[SourceDate "2021.10.06"]
[SourceVersion "1"]
[SourceVersionDate "2021.10.06"]
[SourceQuality "1"]
[WhiteTeam "Erlangen SC III"]
[BlackTeam "Lauf SV"]
[WhiteTeamCountry "GER"]
[BlackTeamCountry "GER"]

1. d4 c5 2. dxc5 Na6 3. Nf3 Nxc5 4. g3 Nf6 5. Bg2 g6 6. 0-0 Bg7 7. c3 0-0 8. Be3 Qc7 9. Na3 a6 10. Ne1 d6 11. Nd3 Nxd3 12. Qxd3 Bf5 13. Qc4 Qxc4 14. Nxc4 Be4 15. Nb6 Bxg2 16. Kxg2 Rad8 17. Rad1 Rfe8 18. f3 Nd7 19. Rd3 Nxb6 20. Bxb6 Rc8 21. e4 Rc6 22. Bd4 Rec8 1/2-1/2

[Event "Mittelfranken-chTB1 1819"]
[Site "Mittelfranken"]
[Date "2018.12.02"]
[Round "3.7"]
[White "Ter Akopyan, Bagrat"]
[Black "Albrecht, Thorsten"]
[Result "1/2-1/2"]
[WhiteElo "1989"]
[BlackElo "1847"]
[PlyCount "105"]
[EventDate "2018.10.14"]
[EventType "team-tourn"]
[EventRounds "9"]
[EventCountry "GER"]
[SourceTitle "EXT 2022"]
[Source "ChessBase"]
[SourceDate "2021.10.06"]
[SourceVersion "1"]
[SourceVersionDate "2021.10.06"]
[SourceQuality "1"]
[WhiteTeam "Herzogenaurach II"]
[BlackTeam "Erlangen SC III"]
[WhiteTeamCountry "GER"]
[BlackTeamCountry "GER"]

1. Nf3 f5 2. c4 Nf6 3. g3 g6 4. Bg2 Bg7 5. d3 d6 6. 0-0 0-0 7. Nc3 c6 8. e4 e5 9. Rb1 h6 10. b4 Be6 11. c5 Qc7 12. d4 Nxe4 13. Nxe4 fxe4 14. cxd6 Qxd6 15. Nxe5 Bxa2 16. Bxe4 Bxe5 17. dxe5 Qxd1 18. Rxd1 Bxb1 19. Bxb1 Kh7 20. Rd6 Rg8 21. h4 Na6 22. h5 Rad8 23. Bxg6+ Kg7 24. Bb2 Rxd6 25. exd6+ Kf8 26. Bf6 Nb8 27. Be7+ Kg7 28. f4 b6 29. Kf2 a5 30. bxa5 bxa5 31. Ke3 c5 32. Kd3 Rc8 33. Bf5 Re8 34. Bg6 Rc8 35. Kc4 a4 36. Bf5 Re8 37. Kxc5 a3 38. Be6 Rc8+ 39. Kb4 Nc6+ 40. Kxa3 Ra8+ 41. Kb3 Nxe7 42. dxe7 Kf6 43. Bd5 Re8 44. Kc4 Rxe7 45. g4 Re1 46. Kd4 Rg1 47. Bf3 Re1 48. Kd3 Re7 49. Be4 Ra7 50. Ke3 Ra3+ 51. Kf2 Ra4 52. Kf3 Ra3+ 53. Kf2 1/2-1/2

[Event "Mittelfranken-chT2b 1617"]
[Site "Mittelfranken"]
[Date "2016.11.27"]
[Round "3.5"]
[White "Gagel, Roland"]
[Black "Albrecht, Thorsten"]
[Result "1/2-1/2"]
[WhiteElo "1768"]
[BlackElo "1861"]
[PlyCount "32"]
[EventDate "2016.10.23"]
[EventType "team-tourn"]
[EventRounds "9"]
[EventCountry "GER"]
[SourceTitle "EXT 2022"]
[Source "ChessBase"]
[SourceDate "2021.10.06"]
[SourceVersion "1"]
[SourceVersionDate "2021.10.06"]
[SourceQuality "1"]
[WhiteTeam "Forchheim SC III"]
[BlackTeam "Erlangen SC III"]
[WhiteTeamCountry "GER"]
[BlackTeamCountry "GER"]

1. f4 d5 2. d4 Nf6 3. e3 g6 4. c3 Bg7 5. Bd3 Qd6 6. Nf3 Bg4 7. 0-0 Nbd7 8. Qc2 Bxf3 9. Rxf3 c5 10. Nd2 Rc8 11. Bb5 a6 12. Bxd7+ Nxd7 13. Qd3 f5 14. Qf1 Nf6 15. Rh3 b5 16. a3 Qb6 1/2-1/2

[Event "Mittelfranken-chTB2b 1516"]
[Site "Mittelfranken"]
[Date "2016.01.24"]
[Round "5.3"]
[White "Albrecht, Thorsten"]
[Black "Rausch, Wolfgang1111"]
[Result "1/2-1/2"]
[WhiteElo "1858"]
[BlackElo "1859"]
[PlyCount "79"]
[EventDate "2015.10.18"]
[EventType "team-tourn"]
[EventRounds "9"]
[EventCountry "GER"]
[SourceTitle "EXT 2020"]
[Source "ChessBase"]
[SourceDate "2019.10.17"]
[SourceVersion "1"]
[SourceVersionDate "2019.10.17"]
[SourceQuality "1"]
[WhiteTeam "Erlangen SC III"]
[BlackTeam "Nuernberg Sued SW V"]
[WhiteTeamCountry "GER"]
[BlackTeamCountry "GER"]

1. d4 d5 2. c4 e6 3. Nc3 c6 4. cxd5 exd5 5. Nf3 Bd6 6. Bg5 Ne7 7. Qb3 f6 8. Bd2 Qb6 9. Qxb6 axb6 10. e4 Bb4 11. exd5 Bxc3 12. bxc3 Nxd5 13. c4 Ne7 14. Be2 Bf5 15. 0-0 Ng6 16. Rfe1 0-0 17. Kf1 Nd7 18. a4 Rfe8 19. Ra3 c5 20. Rea1 Be4 21. a5 bxa5 22. Rxa5 b6 23. Ra7 Rxa7 24. Rxa7 Bf5 25. Be3 Ngf8 26. Ne1 cxd4 27. Bxd4 Rc8 28. Nf3 Be6 29. Nd2 Bf5 30. Ke1 Rc6 31. Bf3 Rd6 32. Be3 Nc5 33. Bxc5 bxc5 34. Bd5+ Be6 35. Ne4 Rd8 36. Nxc5 Bxd5 37. cxd5 Rxd5 38. Nb3 Rd7 39. Rxd7 Nxd7 40. Nd4 1/2-1/2

[Event "Mittelfranken-chTB2b 1415"]
[Site "Mittelfranken"]
[Date "2014.12.14"]
[Round "4.4"]
[White "Arlt, Michael"]
[Black "Albrecht, Thorsten"]
[Result "1/2-1/2"]
[WhiteElo "1859"]
[BlackElo "1858"]
[PlyCount "33"]
[EventDate "2014.09.28"]
[EventType "team-tourn"]
[EventRounds "9"]
[EventCountry "GER"]
[SourceTitle "EXT 2020"]
[Source "ChessBase"]
[SourceDate "2019.10.17"]
[SourceVersion "1"]
[SourceVersionDate "2019.10.17"]
[SourceQuality "1"]
[WhiteTeam "Schwanstetten"]
[BlackTeam "Erlangen SC III"]
[WhiteTeamCountry "GER"]
[BlackTeamCountry "GER"]

1. d4 f5 2. g3 Nf6 3. Bg2 g6 4. Nh3 Bg7 5. c3 d6 6. 0-0 0-0 7. Nd2 c6 8. Nf4 Qe8 9. Qb3+ Qf7 10. Nf3 Qxb3 11. axb3 Ne4 12. Be3 Na6 13. Nd3 Nc7 14. Nd2 Nxd2 15. Bxd2 Be6 16. b4 Bc4 17. f4 1/2-1/2

[Event "Mittelfranken-chTB1 1213"]
[Site "Germany"]
[Date "2012.11.18"]
[Round "3.7"]
[White "Lutzky, Manfred"]
[Black "Albrecht, Thorsten"]
[Result "1/2-1/2"]
[WhiteElo "1923"]
[BlackElo "1875"]
[PlyCount "80"]
[EventDate "2012.10.07"]
[EventType "team-tourn"]
[EventRounds "9"]
[EventCountry "GER"]
[SourceTitle "EXT 2019"]
[Source "ChessBase"]
[SourceDate "2018.10.10"]
[SourceVersion "1"]
[SourceVersionDate "2018.10.10"]
[SourceQuality "1"]
[WhiteTeam "Nuernberg NT III"]
[BlackTeam "Erlangen SC II"]
[WhiteTeamCountry "GER"]
[BlackTeamCountry "GER"]

1. e4 e6 2. d4 d5 3. exd5 exd5 4. Bd3 Nc6 5. c3 Bd6 6. Qf3 Nge7 7. Bf4 Be6 8. Ne2 Qd7 9. h3 0-0-0 10. Nd2 Rde8 11. Bxd6 Qxd6 12. 0-0-0 Ng6 13. Rde1 Nd8 14. Qg3 Qxg3 15. fxg3 c6 16. Rhf1 f6 17. Nf4 Nxf4 18. gxf4 Kd7 19. Re3 Kd6 20. Rfe1 Bf7 21. Rxe8 Bxe8 22. Bxh7 Ne6 23. Bf5 Nxf4 24. g3 Bg6 25. Bxg6 Nxg6 26. h4 Ne7 27. Nf1 Nf5 28. Re2 b6 29. Kd2 c5 30. dxc5+ bxc5 31. Rf2 Ne7 32. Ne3 Rb8 33. b3 a5 34. Rf4 Ke6 35. Rg4 g6 36. Kd3 f5 37. Rf4 Ke5 38. Ng2 Nc6 39. Rf2 Kf6 40. Nf4 Ne5+ 1/2-1/2

[Event "Mittelfranken-chTB1 1112"]
[Site "Germany"]
[Date "2011.12.11"]
[Round "4.7"]
[White "Albrecht, Thorsten"]
[Black "Braun, Michael1111"]
[Result "0-1"]
[WhiteElo "1909"]
[BlackElo "1859"]
[PlyCount "210"]
[EventDate "2011.09.25"]
[EventType "team-tourn"]
[EventRounds "9"]
[EventCountry "GER"]
[SourceTitle "EXT 2013"]
[Source "ChessBase"]
[SourceDate "2012.11.22"]
[SourceVersion "1"]
[SourceVersionDate "2012.11.22"]
[SourceQuality "1"]
[WhiteTeam "Erlangen SC II"]
[BlackTeam "Buechenbach/Roth"]
[WhiteTeamCountry "GER"]
[BlackTeamCountry "GER"]

1. d4 d5 2. c4 e6 3. Nc3 Nf6 4. Nf3 a6 5. cxd5 Nxd5 6. e4 Nxc3 7. bxc3 Nd7 8. Bd3 Be7 9. 0-0 0-0 10. a4 b6 11. Qb3 Nc5 12. Qc2 Nxd3 13. Qxd3 Bb7 14. Rd1 f5 15. e5 g5 16. c4 g4 17. Ne1 Be4 18. Qb3 f4 19. d5 Bc5 20. Ba3 Bxa3 21. Rxa3 Qg5 22. Qc3 Rad8 23. Raa1 Qe7 24. d6 cxd6 25. exd6 Rxd6 26. Qe5 Rxd1 27. Rxd1 Bf5 28. Qxf4 Rd8 29. Rxd8+ Qxd8 30. Qe3 Qd1 31. f3 gxf3 32. gxf3 Qxa4 33. Qd4 Qb4 34. Qd8+ Kf7 35. Qd7+ Qe7 36. Qd2 Qc5+ 37. Kg2 Qxc4 38. Qd7+ Kf6 39. Qd8+ Ke5 40. Qh8+ Kd5 41. Qd8+ Kc6 42. Qe8+ Kb7 43. Qe7+ Qc7 44. Qb4 Qc5 45. Qh4 a5 46. Qd8 Qc7 47. Qd4 Qc1 48. Qd7+ Ka6 49. Kf2 Qc5+ 50. Kg3 Qe5+ 51. Kf2 Qxh2+ 52. Ng2 Bh3 53. Qc8+ Ka7 54. Qd7+ Kb8 55. Qd8+ Kb7 56. Qd7+ Qc7 57. Qd3 Bxg2 58. Kxg2 Ka7 59. Qe4 Qf7 60. Qc6 e5 61. Kf2 Qe7 62. Kg3 h5 63. Qc4 Qg5+ 64. Kh3 Qf5+ 65. Kg2 Qd7 66. Kg3 a4 67. Qb4 b5 68. Qc5+ Kb7 69. Qb4 Kb6 70. Qf8 Qe6 71. Qb8+ Ka5 72. Qd8+ Kb4 73. Qd2+ Kc5 74. Qc3+ Kb6 75. Qe3+ Ka6 76. Qc5 e4 77. fxe4 Qg4+ 78. Kh2 Qf4+ 79. Kh3 Qxe4 80. Qc8+ Ka5 81. Qc3+ Kb6 82. Qf6+ Qc6 83. Qd8+ Kb7 84. Qe7+ Kc8 85. Qf8+ Kc7 86. Qf4+ Qd6 87. Qc1+ Kd7 88. Qb2 Qe6+ 89. Kh2 h4 90. Qxb5+ Qc6 91. Qf5+ Kc7 92. Qa5+ Kb7 93. Qb4+ Ka6 94. Qxh4 a3 95. Qb4 Qc2+ 96. Kh3 a2 97. Qd6+ Kb7 98. Qe7+ Kc6 99. Qa3 Qf5+ 100. Kh4 Qf6+ 101. Kg3 a1Q 102. Qa6+ Qxa6 103. Kg4 Qe2+ 104. Kh3 Qf5+ 105. Kg3 Qef2# 0-1

[Event "Mittelfranken-chTB2a 1011"]
[Site "Germany"]
[Date "2011.04.03"]
[Round "8.5"]
[White "Albrecht, Thorsten"]
[Black "Diller, Peter"]
[Result "1/2-1/2"]
[WhiteElo "1871"]
[BlackElo "1842"]
[PlyCount "39"]
[EventDate "2010.09.26"]
[EventType "team-tourn"]
[EventRounds "9"]
[EventCountry "GER"]
[SourceTitle "EXT 2012"]
[Source "ChessBase"]
[SourceDate "2011.11.24"]
[SourceVersion "1"]
[SourceVersionDate "2011.11.24"]
[SourceQuality "1"]
[WhiteTeam "Erlangen 44/88 II"]
[BlackTeam "Rothenburg/Tauber"]
[WhiteTeamCountry "GER"]
[BlackTeamCountry "GER"]

1. d4 d5 2. c4 e6 3. Nc3 Nf6 4. Nf3 c6 5. Bf4 Bd6 6. Bxd6 Qxd6 7. e3 0-0 8. Bd3 Nbd7 9. 0-0 e5 10. cxd5 Nxd5 11. Nxd5 cxd5 12. dxe5 Nxe5 13. Nxe5 Qxe5 14. Qd2 Bd7 15. Rac1 Rad8 16. Rc5 Bc6 17. Rfc1 Rd6 18. Qc2 f5 19. b4 f4 20. exf4 1/2-1/2

[Event "Mittelfranken-chTB2a 1011"]
[Site "Germany"]
[Date "2010.11.21"]
[Round "3.7"]
[White "Albrecht, Thorsten"]
[Black "Gude, Michael"]
[Result "1-0"]
[WhiteElo "1871"]
[BlackElo "1689"]
[PlyCount "73"]
[EventDate "2010.09.26"]
[EventType "team-tourn"]
[EventRounds "9"]
[EventCountry "GER"]
[SourceTitle "EXT 2012"]
[Source "ChessBase"]
[SourceDate "2011.11.24"]
[SourceVersion "1"]
[SourceVersionDate "2011.11.24"]
[SourceQuality "1"]
[WhiteTeam "Erlangen 44/88 II"]
[BlackTeam "Fuerth II"]
[WhiteTeamCountry "GER"]
[BlackTeamCountry "GER"]

1. d4 f5 2. Nc3 Nf6 3. Bg5 d5 4. f3 Nc6 5. Qd2 e6 6. 0-0-0 Bb4 7. e4 Bxc3 8. Qxc3 Nxe4 9. Qxc6+ bxc6 10. Bxd8 Nf2 11. Bxc7 Nxh1 12. Nh3 h6 13. Bd3 Kf7 14. Rxh1 g5 15. Be5 Rg8 16. Nf2 a5 17. c3 Bd7 18. Bc2 Rgc8 19. Ba4 Be8 20. Nd3 Kg6 21. Nc5 Kf7 22. Re1 Ra7 23. Rh1 Bd7 24. h4 Kg6 25. Bc2 Rf8 26. Bd6 Rg8 27. Ba4 Rc8 28. Kd2 Rg8 29. Be5 Rc8 30. Kd3 g4 31. fxg4 fxg4 32. Rf1 Rg8 33. Rf6+ Kg7 34. Rxe6+ Kf7 35. Rf6+ Ke7 36. Rxh6 Bf5+ 37. Ke3 1-0

[Event "Mittelfranken-chTB2a 0809"]
[Site "Mittelfranken"]
[Date "2009.04.26"]
[Round "9.3"]
[White "Lais, Thomas"]
[Black "Albrecht, Thorsten"]
[Result "1/2-1/2"]
[WhiteElo "1796"]
[BlackElo "1950"]
[PlyCount "27"]
[EventDate "2008.10.12"]
[EventType "team"]
[EventRounds "9"]
[EventCountry "GER"]
[SourceTitle "EXT 2011"]
[Source "ChessBase"]
[SourceDate "2010.11.26"]
[SourceVersion "1"]
[SourceVersionDate "2010.11.26"]
[SourceQuality "1"]
[WhiteTeam "Nuernberg Sued SW III"]
[BlackTeam "Erlangen SC II"]
[WhiteTeamCountry "GER"]
[BlackTeamCountry "GER"]

1. e4 e6 2. d4 d5 3. Nc3 Nf6 4. Bg5 Bb4 5. e5 h6 6. Bd2 Bxc3 7. bxc3 Ne4 8. Qg4 Kf8 9. h4 f5 10. exf6 Qxf6 11. Qf3 Nd7 12. Bd3 Nxd2 13. Kxd2 c6 14. Re1 1/2-1/2

[Event "Mittelfranken-chTB2a 0809"]
[Site "Mittelfranken"]
[Date "2009.03.08"]
[Round "7.3"]
[White "Sha, Siyu"]
[Black "Albrecht, Thorsten"]
[Result "1/2-1/2"]
[WhiteElo "1757"]
[BlackElo "1950"]
[PlyCount "42"]
[EventDate "2008.10.12"]
[EventType "team"]
[EventRounds "9"]
[EventCountry "GER"]
[SourceTitle "EXT 2011"]
[Source "ChessBase"]
[SourceDate "2010.11.26"]
[SourceVersion "1"]
[SourceVersionDate "2010.11.26"]
[SourceQuality "1"]
[WhiteTeam "Nuernberg NT V"]
[BlackTeam "Erlangen SC II"]
[WhiteTeamCountry "GER"]
[BlackTeamCountry "GER"]

1. e4 e6 2. d4 d5 3. Nc3 Nf6 4. Bg5 Bb4 5. e5 h6 6. Bd2 Bxc3 7. Bxc3 Ne4 8. Qg4 Qg5 9. Qxg5 hxg5 10. Bd3 Nxc3 11. bxc3 a6 12. Ne2 c5 13. c4 dxc4 14. Bxc4 cxd4 15. Nxd4 Nd7 16. Bxe6 fxe6 17. Nxe6 Ke7 18. Nxg5 Nxe5 19. 0-0 Nc6 20. Rfe1+ Kf8 21. Rab1 Rb8 1/2-1/2

[Event "Mittelfrankenliga-B2a 0708"]
[Site "Mittelfranken"]
[Date "2008.03.02"]
[Round "7.6"]
[White "Hintyes, Helmuth"]
[Black "Albrecht, Thorsten"]
[Result "1/2-1/2"]
[WhiteElo "1889"]
[BlackElo "1950"]
[PlyCount "82"]
[EventDate "2007.10.14"]
[EventType "team-tourn"]
[EventRounds "9"]
[EventCountry "GER"]
[SourceTitle "EXT 2011"]
[Source "ChessBase"]
[SourceDate "2010.11.26"]
[SourceVersion "1"]
[SourceVersionDate "2010.11.26"]
[SourceQuality "1"]
[WhiteTeam "Nuernberg Sued SW III"]
[BlackTeam "Erlangen SC II"]
[WhiteTeamCountry "GER"]
[BlackTeamCountry "GER"]

1. c4 f5 2. d4 Nf6 3. Nc3 g6 4. Bg5 Bg7 5. Nf3 0-0 6. Qc2 d6 7. g3 c6 8. Bg2 Qe8 9. d5 e5 10. dxe6 Bxe6 11. Nd2 Qf7 12. Bxf6 Bxf6 13. b3 Na6 14. a3 Nc7 15. Rc1 d5 16. cxd5 Nxd5 17. Nxd5 Bxd5 18. Bxd5 Qxd5 19. 0-0 Rfe8 20. Rfe1 Rad8 21. Rcd1 Qd4 22. e3 Qc3 23. Qa2 Rd3 24. b4+ Kg7 25. Nb1 Rxd1 26. Rxd1 Qe5 27. Rd7+ Re7 28. Rxe7+ Qxe7 29. Nd2 Qd6 30. Qc2 b6 31. e4 fxe4 32. Nxe4 Qe6 33. f3 Bd4+ 34. Kg2 Qd5 35. h4 c5 36. Qa4 Qa2+ 37. Kh3 Qe6+ 38. Kg2 Qe7 39. b5 Qc7 40. Qc4 Qe7 41. a4 Be5 1/2-1/2

[Event "Mittelfrankenliga-B2a 0708"]
[Site "Mittelfranken"]
[Date "2008.01.27"]
[Round "5.5"]
[White "Brunner, Wolfgang"]
[Black "Albrecht, Thorsten"]
[Result "1/2-1/2"]
[WhiteElo "1913"]
[BlackElo "1950"]
[PlyCount "38"]
[EventDate "2007.10.14"]
[EventType "team-tourn"]
[EventRounds "9"]
[EventCountry "GER"]
[SourceTitle "EXT 2011"]
[Source "ChessBase"]
[SourceDate "2010.11.26"]
[SourceVersion "1"]
[SourceVersionDate "2010.11.26"]
[SourceQuality "1"]
[WhiteTeam "Neumarkt"]
[BlackTeam "Erlangen SC II"]
[WhiteTeamCountry "GER"]
[BlackTeamCountry "GER"]

1. d4 f5 2. c4 Nf6 3. Nf3 g6 4. g3 Bg7 5. Bg2 0-0 6. 0-0 d6 7. Nc3 c6 8. d5 e5 9. dxe6 Bxe6 10. b3 Ne4 11. Nxe4 Bxa1 12. Qxd6 fxe4 13. Qxe6+ Kg7 14. Ng5 Bf6 15. Nxe4 Re8 16. Qh3 Na6 17. Bf3 Qe7 18. Bf4 Rad8 19. Qh6+ Kg8 1/2-1/2

[Event "Mittelfrankenliga-B2a 0708"]
[Site "Mittelfranken"]
[Date "2007.11.25"]
[Round "3.5"]
[White "Bayer, Willi"]
[Black "Albrecht, Thorsten"]
[Result "0-1"]
[WhiteElo "1692"]
[BlackElo "1950"]
[PlyCount "78"]
[EventDate "2007.10.14"]
[EventType "team-tourn"]
[EventRounds "9"]
[EventCountry "GER"]
[SourceTitle "EXT 2011"]
[Source "ChessBase"]
[SourceDate "2010.11.26"]
[SourceVersion "1"]
[SourceVersionDate "2010.11.26"]
[SourceQuality "1"]
[WhiteTeam "Altensittenbach II"]
[BlackTeam "Erlangen SC II"]
[WhiteTeamCountry "GER"]
[BlackTeamCountry "GER"]

1. d4 f5 2. e4 fxe4 3. Nc3 Nf6 4. Bg5 g6 5. Bxf6 exf6 6. Nxe4 Bg7 7. h4 d5 8. Ng3 Qe7+ 9. Qe2 Qxe2+ 10. Bxe2 Nc6 11. 0-0-0 Bd7 12. Bf3 Be6 13. Re1 Kd7 14. N1e2 Rae8 15. h5 Bh6+ 16. Kb1 Ne7 17. Nc3 c6 18. Nf1 Nf5 19. Ne2 Nd6 20. Nh2 f5 21. g4 Ne4 22. Bxe4 fxe4 23. Rhg1 Rhf8 24. Ref1 Bg5 25. f3 Bf4 26. Nxf4 Rxf4 27. fxe4 Rxe4 28. c3 gxh5 29. gxh5 Rh4 30. Nf3 Rxh5 31. Ne5+ Kd6 32. Rg7 Re7 33. Rg3 Rf5 34. Rh1 Rf2 35. Rh6 Kc7 36. a3 Bf5+ 37. Ka2 Be4 38. Rg8 Kb6 39. Rd8 a5 0-1

[Event "Mittelfrankenliga-B2a 0607"]
[Site "Mittelfranken"]
[Date "2007.03.25"]
[Round "8.3"]
[White "Albrecht, Thorsten"]
[Black "Schloetterer, Hermann"]
[Result "1/2-1/2"]
[WhiteElo "1962"]
[BlackElo "1847"]
[PlyCount "62"]
[EventDate "2006.10.22"]
[EventType "team-tourn"]
[EventRounds "9"]
[EventCountry "GER"]
[SourceTitle "EXT 2011"]
[Source "ChessBase"]
[SourceDate "2010.11.26"]
[SourceVersion "1"]
[SourceVersionDate "2010.11.26"]
[SourceQuality "1"]
[WhiteTeam "Erlangen SC II"]
[BlackTeam "Nuernberg NT IV"]
[WhiteTeamCountry "GER"]
[BlackTeamCountry "GER"]

1. d4 Nf6 2. c4 c5 3. d5 b5 4. Nf3 g6 5. Qc2 d6 6. e4 Nbd7 7. cxb5 a6 8. Nc3 Bg7 9. h3 0-0 10. bxa6 Qa5 11. Bd2 h6 12. a7 Qxa7 13. Be2 Ba6 14. 0-0 Rfb8 15. Rfe1 Qb7 16. Bxa6 Rxa6 17. Nd1 Nb6 18. Bc3 Na4 19. Re2 Nxc3 20. Nxc3 Nh5 21. g3 Qd7 22. Kg2 Ra7 23. e5 dxe5 24. Nxe5 Bxe5 25. Rxe5 Nf6 26. Rae1 Qd6 27. Qd3 Rxb2 28. Nb5 Qa6 29. a4 Rd7 30. Qc3 Ra2 31. Qxc5 Rxa4 1/2-1/2

[Event "Mittelfrankenliga-B2a 0607"]
[Site "Mittelfranken"]
[Date "2007.03.11"]
[Round "7.3"]
[White "Schuhmann, Benedict"]
[Black "Albrecht, Thorsten"]
[Result "1/2-1/2"]
[WhiteElo "1667"]
[BlackElo "1962"]
[PlyCount "95"]
[EventDate "2006.10.22"]
[EventType "team-tourn"]
[EventRounds "9"]
[EventCountry "GER"]
[SourceTitle "EXT 2011"]
[Source "ChessBase"]
[SourceDate "2010.11.26"]
[SourceVersion "1"]
[SourceVersionDate "2010.11.26"]
[SourceQuality "1"]
[WhiteTeam "Lauf II"]
[BlackTeam "Erlangen SC II"]
[WhiteTeamCountry "GER"]
[BlackTeamCountry "GER"]

1. e4 e6 2. d4 d5 3. exd5 exd5 4. Nf3 Nc6 5. Bb5 Bd6 6. 0-0 Nge7 7. Bg5 f6 8. Bd2 Bg4 9. Re1 Qd7 10. c3 0-0-0 11. a4 Qf5 12. Be2 Qd7 13. Na3 g5 14. b4 Ng6 15. Nc2 Nf4 16. Ne3 Nxe2+ 17. Qxe2 h5 18. h3 Be6 19. Nh2 Rde8 20. f3 Bg3 21. Rec1 Qd6 22. Nhf1 Bf4 23. Qf2 g4 24. fxg4 hxg4 25. Nf5 Bxf5 26. Bxf4 Qd7 27. h4 Qh7 28. g3 Ne7 29. c4 Bd3 30. Ne3 dxc4 31. Nxc4 Bxc4 32. Rxc4 Nd5 33. Rac1 c6 34. Rc5 Qe4 35. b5 Nxf4 36. Qxf4 Qxf4 37. gxf4 Re4 38. bxc6 b6 39. Rf5 Rxd4 40. Rxf6 Rxa4 41. Rd1 Rc4 42. Kf2 Rxh4 43. Kg3 Rh7 44. Rf8+ Kc7 45. Rd7+ Rxd7 46. cxd7 Kxd7 47. Rf7+ Ke6 48. Rxa7 1/2-1/2